El Canal de Panamá : reseña histórico-política de la comunicación inter-oceánica : con especial atención a la separación de Panamá y a los arreglos entre los Estados Unidos y Colombia /
Gardado en:
| Autor Principal: | |
|---|---|
| Formato: | Electrónico eBook |
| Idioma: | Lingua castelá |
| Publicado: |
Cali, Colombia :
Universidad del Valle, Programa Editorial,
[2018]
|
| Edición: | Edición digital. |
| Series: | Biblioteca de la Universidad del Valle.
|
| Subjects: | |
| Acceso en liña: | Digitalia Hispánica |
| Tags: |
Engadir etiqueta
Sen Etiquetas, Sexa o primeiro en etiquetar este rexistro!
|
MARC
| LEADER | 00000nam a2200000Ii 4500 | ||
|---|---|---|---|
| 001 | DIGUVALLE316 | ||
| 003 | NyNyDIG | ||
| 006 | m o d | ||
| 007 | cr ||||||||||| | ||
| 008 | 211128s2018 ck ob 001 0 spa d | ||
| 020 | |a 9789587658101 |q eBook |q pdf | ||
| 035 | |a (OCoLC)1287830648 | ||
| 040 | |a DGITA |b eng |e rda |e pn |c DGITA | ||
| 043 | |a nccz--- | ||
| 050 | 1 | 4 | |a HE537 ebook |
| 100 | 1 | |a Rebolledo, Alvaro, |d 1891-1946, |e author | |
| 240 | 1 | 0 | |a Reseña histórico-política de la comunicación inter-oceánica. |
| 245 | 1 | 3 | |a El Canal de Panamá : |b reseña histórico-política de la comunicación inter-oceánica : con especial atención a la separación de Panamá y a los arreglos entre los Estados Unidos y Colombia / |c Alvaro Rebolledo. |
| 250 | |a Edición digital. | ||
| 264 | 1 | |a Cali, Colombia : |b Universidad del Valle, Programa Editorial, |c [2018] | |
| 300 | |a 1 online resource. | ||
| 336 | |a text |b txt |2 rdacontent | ||
| 337 | |a computer |b c |2 rdamedia | ||
| 338 | |a online resource |b cr |2 rdacarrier | ||
| 347 | |a text file |2 rdaft | ||
| 347 | |b PDF | ||
| 490 | 1 | |a Biblioteca de la Universidad del Valle | |
| 504 | |a Includes bibliographical references and index. | ||
| 588 | 0 | |a Online resource; title from PDF title page (Digitalia, viewed November 30, 2021) | |
| 651 | 0 | |a Panama Canal (Panama) | |
| 655 | 0 | |a Electronic books. | |
| 791 | 2 | |a Digitalia (Firm), |e distributor. | |
| 793 | 0 | |g Digitalia eBook Collection: |a Universidad del Valle | |
| 776 | 0 | 8 | |i Print version: |a Rebolledo, Alvaro, 1891-1946. |s Reseña histórico-política de la comunicación inter-oceánica. |t Canal de Panamá. |b Primera edición impresa. |d Cali, Colombia : Universidad del Valle, Programa Editorial, 1957 |
| 830 | 0 | |a Biblioteca de la Universidad del Valle. | |
| 856 | 4 | 0 | |3 Digitalia Hispánica |u https://digitalia.unach.elogim.com/a/102112/ |
| 910 | |a Premium collection: 2021 | ||